000 00627ntaaa2200205 4500
003 01
005 20251027201029.0
008 0714s1973 ag 01
040 _aAR-BaBN
_bspa
_cAR-BaBN
_eaacr
_dRIC
082 _a150.1954 J96p
100 _aJung, C. G.
_92779
245 _aPsicología y simbólica del arquetipo /
_cC. G. Jung
250 _a1 ed.
260 _aBuenos Aires :
_bPaidós,
_c1977
300 _a210 p. ;
_c23,5 cm.
500 _acontenido: Las visiones de Zósimo. El simbolísmo de la transformación en la misa. El árbol filosófico.
650 _aPsicoanalisis
_92743
650 _aMisa
_97558
942 _cBK
999 _c4420
_d4420